| 000 | 01130cam a2200205 4500 | ||
|---|---|---|---|
| 001 | WB3835-13 | ||
| 008 | 020923n2002 000 0 eng u | ||
| 035 | _a(Sirsi) u119779 | ||
| 245 | _aRight to manage companies consultation paper | ||
| 260 | _c2002 | ||
| 490 |
_aRICS Residential Faculty News _v 19 September 2002, (1) |
||
| 520 | _aThe Office of the Deputy Prime Minister invites comments on its consultation paper 'Memorandum and articles for RTE/right to manage companies', which outlines draft memoranda and articles of association for right to enfranchise and right to manage companies as proposed in 'Commonhold and Leasehold Reform Act 2002 part II Chapters 1 and 2. For the memorandum: http://www.housing.odpm.gov.uk/information/consult/rtecompanies/pdf/rte.pdf For details of the Commonhold and Leasehold Reform Act http://www.legislation.hmso.gov.uk/acts/acts2002/20020015.htm | ||
| 590 | _aWB | ||
| 650 | _aCOMMONHOLD AND LEASEHOLD REFORM ACT 2002 | ||
| 650 | _aLONG LEASEHOLDERS | ||
| 650 | _aRIGHT TO MANAGE | ||
| 650 | _aLOCAL AUTHORITY | ||
| 690 | _aLANDLORD AND TENANT-LEASEHOLD REFORM | ||
| 942 | _n0 | ||
| 999 |
_c71193 _d71193 |
||